| 000 | 004590000a22001690004500 | ||
|---|---|---|---|
| 003 | MACL | ||
| 005 | 20151230111039.0 | ||
| 008 | 151230b xxu||||| |||| 00| 0 eng d | ||
| 040 |
_aMACL _cMACL |
||
| 041 | _aEnglish | ||
| 082 | _a301/LOR | ||
| 100 |
_aLorenzo, A M _924518 |
||
| 245 | _aNatural Resources and Human Adaptation | ||
| 260 |
_bThe Universal Book And Statinrery _c1947 _aLucknow |
||
| 650 |
_asociology Science _917652 |
||
| 942 |
_cBK _k301/Lor _2ddc |
||
| 999 |
_c35457 _d35457 |
||